LEADER 01868nam0 2200361 450 001 000033668 005 20121107145209.0 010 $a978-1-118-01293-2$bVol. 1 010 $a978-1-118-01292-5$bVol. 2 100 $a20121030d2012----km-y0itaa50------ba 101 0 $aeng 102 $aUS 200 1 $aComprehensive chiroptical spectroscopy$fedited by Nina Berova ... [et al.] 210 $aNew Jersey$cWiley$d2012 215 $a2 volumi$cill.$d26 cm. 327 1 $aVol. 1.: Instrumentation, methodologies, and theoretical simulations. - 2012. - XIII, 791 p.$aVol. 2.: Applications in stereochemical analysis of synthetic compounds, natural products, and biomulecules. - 2012. - XV, 853 p. 559 1 $aInstrumentation, methodologies, and theoretical simulation 559 1 $aApplications in stereochemical analysis of synthetic compounds, natural products, and biomulecules 606 1 $aAnalisi spettroscopica 606 2 $aOttica 676 $a541.7$v(22. ed.)$9Chimica fisica. Attivitą ottica 702 1$aBerova,$bNina 801 0$aIT$bUniversitą della Basilicata - B.I.A.$gRICA$2unimarc 912 $a000033668 996 $aComprehensive chiroptical spectroscopy$996742 997 $aUNIBAS BAS $aSCIENZE CAT $aSTD084$b01$c20121030$lBAS01$h0856 CAT $aSTD084$b01$c20121030$lBAS01$h0902 CAT $aTTM$b30$c20121107$lBAS01$h1452 FMT Z30 -1$lBAS01$LBAS01$mBOOK$1BASA2$APolo Tecnico-Scientifico$2DID$BDidattica$3PTS.c3.p2.17$6111434$5S111434$820121030$eXIII, 791$f98$FConsultazione$hVol.1.: Instrumentation, methodologies, and theoretical simulations Z30 -1$lBAS01$LBAS01$mBOOK$1BASA2$APolo Tecnico-Scientifico$2DID$BDidattica$3PTS.c3.p2.18$6111435$5S111435$820121030$eXV, 853$f98$FConsultazione$hVol. 2.: Applications in stereochemical analysis of synthetic compounds, natural products, and biomulecules LEADER 01442nam2 2200349 i 450 001 LO10353151 005 20231121125518.0 010 $a880439109X 020 $aIT$b95-6360 100 $a19951002d1994 ||||0itac50 ba 101 | $aita 102 $ait 181 1$6z01$ai $bxxxe 182 1$6z01$an 200 0 $a1$fMaria Bellonci 210 $aMilano$cA. Mondadori$d1994 215 $aLXXII, 1520 p.$d18 cm 327 $aContiene: Lucrezia Borgia ; Segreti dei Gonzaga ; Isabella fra i Gonzaga ; Segni sul muro 461 1$1001LO10352747$12001 $aOpere$fMaria Bellonci$ga cura di Ernesto Ferrero$v1 676 $a195$9FILOSOFIA OCCIDENTALE MODERNA. ITALIA$v21 801 3$aIT$bIT-01$c19951002 850 $aIT-RM028 $aIT-RM0289 $aIT-RM0290 $aIT-FR0084 $aIT-FR0017 899 $aBiblioteca Universitaria Alessandrina$bRM028 899 $aBiblioteca Statale A. Baldini$bRM0289 899 $aBIBLIOTECA ANGELICA$bRM0290 899 $aBiblioteca Del Monumento Nazionale Di Montecassino$bFR0084 899 $aBiblioteca umanistica Giorgio Aprea$bFR0017 $eN 912 $aLO10353151 950 2$aBiblioteca umanistica Giorgio Aprea$d 52MAG 5 Coll C 139.1$e 52FLS0000192035 VMB RS $fA $h20200401$i20200401 977 $a 01$a 04$a 06$a 25$a 52 996 $a1$961339 997 $aUNICAS